Normal view
MARC view
- Baden Fuller, A. J
Entry Personal Name
001 - CONTROL NUMBER
- control field: 103416
003 - CONTROL NUMBER IDENTIFIER
- control field: NUST
005 - DATE AND TIME OF LATEST TRANSACTION
- control field: 20221123125422.0
008 - FIXED-LENGTH DATA ELEMENTS
- fixed length control field: 221123|| aca||aabn | a|a d
040 ## - CATALOGING SOURCE
- Original cataloging agency: NUST
- Transcribing agency: NUST
100 ## - HEADING--PERSONAL NAME
- Personal name: Baden Fuller, A. J
670 ## - SOURCE DATA FOUND
- Source citation: Work cat.: (NUST)181841: Baden Fuller, A. J., Microwaves :, 1990.
